Hranice lákajú dobrodruhov cesta na sever - bez dokladov

Bibliographic Details
Main Author: (mm) (Author)
Format: Article
Language:Slovak
Subjects:

MARC

LEADER 00000nab a2200000 a 4500
001 vtls001026886
003 SK-MaSNL
005 20260305033300.0
008 040720e19990819xo 0 slo
035 |a SL5440 
040 |a SLLK  |b slo  |c SLLK  |e AACR2 
041 0 |a slo 
044 |a xo  |c SK 
080 |a 343.343.6  |2 1981 
100 0 |a (mm)  |4 aut  |9 849636 
245 1 0 |a Hranice lákajú dobrodruhov  |b cesta na sever - bez dokladov 
650 0 7 |a ilegálne prekročenie hraníc  |2 SNK  |9 1596252 
650 0 7 |a štatistika  |2 SNKPH  |9 778 
650 0 7 |a štátne hranice  |2 SNKPH  |9 2228 
651 7 |a Stará Ľubovňa (Slovensko : okres)  |2 SNKPHgeo  |9 19196 
651 7 |a SL,  |2 SLLK  |9 1022390 
651 7 |a Poľsko  |2 SNKPHgeo  |9 16755 
651 7 |a Uhorsko  |2 SNKPHgeo  |9 28673 
655 7 |a periodikum  |2 SNKPH  |9 29553 
773 0 8 |t Ľubovnianske noviny  |g Roč. 25, č.33, 19.8.1999, s. 1 
852 |a ZVYKNI  |b KIS3GCP 
999 |c 3323639  |d 3325569